000 00406cam a2200169ua 4500
020 _c1.50
041 _amal
_h
082 _a894.812 308
_bKES/PR
100 _aKesava Dev, P .
245 _aPrema Viddi /
_cP Kesava Dev.
_hTextual Documents
260 _a Konni :
_bVenus Press & Book Depot ,
_c1966.
300 _a110 ; .
365 _a1.50
504 _a
942 _cBK
999 _c3878
_d3878